[Event "GER-chT U20"]
[Site "Osnabrueck"]
[Date "2013.12.29"]
[Round "6.5"]
[White "Faerber, Eric"]
[Black "Luzius, Jannik"]
[Result "1-0"]
[WhiteElo "2126"]
[BlackElo "1552"]
[PlyCount "61"]
[EventDate "2013.12.27"]
[EventType "team-swiss"]
[EventRounds "7"]
[EventCountry "GER"]
[SourceTitle "EXT 2015"]
[Source "ChessBase"]
[SourceDate "2014.11.20"]
[SourceVersion "1"]
[SourceVersionDate "2014.11.20"]
[SourceQuality "1"]
[WhiteTeam "Bebenhausen"]
[BlackTeam "Heidesheim"]
[WhiteTeamCountry "GER"]
[BlackTeamCountry "GER"]

1. e4 c5 2. Nf3 g6 3. d4 cxd4 4. Nxd4 Bg7 5. Nc3 Nc6 6. Be3 Nf6 7. Bc4 Qa5 8. 0-0 0-0 9. Bb3 d6 10. h3 Bd7 11. f4 Nxd4 12. Bxd4 Bc6 13. Qd3 Rad8 14. Qe3 b6 15. f5 Qa6 16. Rae1 Qb7 17. Qd3 Rd7 18. Re2 a6 19. a3 b5 20. Kh2 Kh8 21. Rfe1 Kg8 22. fxg6 hxg6 23. Qg3 Nh5 24. Qxg6 e5 25. Qxh5 exd4 26. Nd5 Bxd5 27. Bxd5 Qc7 28. Rf2 Re7 29. Ref1 Qd7 30. g3 Be5 31. Qg6+ 1-0

[Event "GER-chT U20"]
[Site "Osnabrueck"]
[Date "2013.12.29"]
[Round "5.5"]
[White "Von Koslowski, Utz"]
[Black "Faerber, Eric"]
[Result "0-1"]
[WhiteElo "1764"]
[BlackElo "2126"]
[PlyCount "108"]
[EventDate "2013.12.27"]
[EventType "team-swiss"]
[EventRounds "7"]
[EventCountry "GER"]
[SourceTitle "EXT 2015"]
[Source "ChessBase"]
[SourceDate "2014.11.20"]
[SourceVersion "1"]
[SourceVersionDate "2014.11.20"]
[SourceQuality "1"]
[WhiteTeam "Coswig"]
[BlackTeam "Bebenhausen"]
[WhiteTeamCountry "GER"]
[BlackTeamCountry "GER"]

1. Nf3 Nf6 2. c4 g6 3. d4 Bg7 4. Nc3 0-0 5. g3 d6 6. Bg2 Nbd7 7. 0-0 e5 8. e3 c6 9. Qc2 Qc7 10. b3 Re8 11. Bb2 Nf8 12. dxe5 dxe5 13. Rad1 Bf5 14. e4 Bg4 15. h3 Bxf3 16. Bxf3 Ne6 17. Ne2 a5 18. Bg2 Nc5 19. Ba3 Bf8 20. Bxc5 Bxc5 21. Rd3 Kg7 22. Rfd1 Qb6 23. Nc3 Bd4 24. Rf3 Re6 25. Bf1 Qb4 26. Nb1 Rd6 27. Bd3 Nd7 28. Kg2 Nc5 29. Qe2 Ne6 30. Bc2 Rad8 31. Rfd3 Qb6 32. Qe1 Nc5 33. Rf3 Ne6 34. Rfd3 Qc5 35. Rf3 b5 36. Qxa5 Ng5 37. Rfd3 Nxe4 38. f3 Nf2 39. b4 Qxc4 40. Bb3 Qxd3 41. Rxd3 Nxd3 42. Nd2 R6d7 43. a3 Nc1 44. Bc2 f5 45. Nb3 Nxb3 46. Bxb3 e4 47. fxe4 fxe4 48. Qa6 e3 49. Bd1 Rf7 50. Bf3 Rdf8 51. Qxc6 Rxf3 52. Qd7+ Kh6 53. h4 e2 54. Qe7 Be3 0-1

[Event "GER-chT U20"]
[Site "Osnabrueck"]
[Date "2013.12.28"]
[Round "3.5"]
[White "Eigemann, Julian"]
[Black "Faerber, Eric"]
[Result "1/2-1/2"]
[WhiteElo "1956"]
[BlackElo "2126"]
[PlyCount "120"]
[EventDate "2013.12.27"]
[EventType "team-swiss"]
[EventRounds "7"]
[EventCountry "GER"]
[SourceTitle "EXT 2015"]
[Source "ChessBase"]
[SourceDate "2014.11.20"]
[SourceVersion "1"]
[SourceVersionDate "2014.11.20"]
[SourceQuality "1"]
[WhiteTeam "Koeln Porz"]
[BlackTeam "Bebenhausen"]
[WhiteTeamCountry "GER"]
[BlackTeamCountry "GER"]

1. Nc3 d5 2. e4 dxe4 3. Nxe4 Bf5 4. Ng3 Bg6 5. Nf3 Nd7 6. Bc4 Ngf6 7. Qe2 e6 8. d4 Be7 9. c3 0-0 10. Nh4 c5 11. Nxg6 hxg6 12. Be3 a6 13. dxc5 Nxc5 14. Bxc5 Bxc5 15. Rd1 Qc7 16. 0-0 Rad8 17. Ne4 Nxe4 18. Qxe4 Qb6 19. Qe2 a5 20. b3 Be7 21. Rxd8 Rxd8 22. Rd1 Bf6 23. Rd3 a4 24. Rxd8+ Qxd8 25. Qf3 a3 26. Qxb7 Bxc3 27. Qf3 Qd2 28. Qd3 Qc1+ 29. Qf1 Qb2 30. b4 Bxb4 31. g3 Bc5 32. Kg2 e5 33. Qe2 e4 34. Qxe4 Qxf2+ 35. Kh3 Qf5+ 36. Qxf5 gxf5 37. Kg2 Kf8 38. Kf3 Ke7 39. h3 g5 40. g4 f4 41. Ke4 Bb4 42. Bb3 f6 43. Bc4 Kd6 44. Bb3 Kc5 45. Bf7 Be1 46. Be6 Kb4 47. Bf7 Kc3 48. Be6 Kb2 49. Bf7 Bc3 50. Be6 Be5 51. Bf7 Kc3 52. Be6 Kd2 53. Bc4 Bb2 54. Bb5 Kc3 55. Ba6 Bc1 56. Bb5 Kb2 57. Bc4 Kc3 58. Bb5 Kb2 59. Bc4 Kc3 60. Bb5 Kb2 1/2-1/2

[Event "Stuttgart-chA int"]
[Site "Gerlingen"]
[Date "2011.06.03"]
[Round "3"]
[White "Lube, Manfred"]
[Black "Faerber, Eric"]
[Result "0-1"]
[WhiteElo "1903"]
[BlackElo "2030"]
[PlyCount "70"]
[EventDate "2011.06.02"]
[EventType "swiss"]
[EventRounds "7"]
[EventCountry "GER"]
[SourceTitle "EXT 2018"]
[Source "ChessBase"]
[SourceDate "2017.10.13"]
[SourceVersion "1"]
[SourceVersionDate "2017.10.13"]
[SourceQuality "1"]

1. c4 e5 2. Nc3 Nf6 3. g3 d5 4. cxd5 Nxd5 5. Bg2 Nb6 6. d3 Be7 7. Nf3 Nc6 8. Bd2 0-0 9. a3 Re8 10. 0-0 Bf8 11. Re1 Bg4 12. h3 Bh5 13. Be3 Qd7 14. Qb1 Rad8 15. Kh2 Nd4 16. Bxd4 exd4 17. Ne4 f5 18. Ned2 Bf7 19. Ng5 Bd5 20. Bxd5+ Nxd5 21. Qa2 Kh8 22. Rac1 c5 23. Ngf3 Re6 24. Nf1 Rde8 25. b4 Nc3 26. Rxc3 dxc3 27. Ne3 Rxe3 28. fxe3 Rxe3 29. bxc5 Bxc5 30. Qc4 Qe7 31. Ng1 Qe5 32. Qh4 Be7 33. Qf4 Qxf4 34. gxf4 Bxa3 35. Ra1 c2 0-1

[Event "Staufer op 22nd"]
[Site "Schwaebisch Gmuend"]
[Date "2010.01.02"]
[Round "3"]
[White "Faerber, Eric"]
[Black "Schneider, Ilja"]
[Result "0-1"]
[WhiteElo "1956"]
[BlackElo "2499"]
[PlyCount "44"]
[EventDate "2010.01.02"]
[EventType "swiss"]
[EventRounds "9"]
[EventCountry "GER"]
[SourceTitle "CBM 134 Extra"]
[Source "ChessBase"]
[SourceDate "2010.03.03"]
[SourceVersion "1"]
[SourceVersionDate "2010.03.03"]
[SourceQuality "1"]

1. e4 Nc6 2. d4 d5 3. Nc3 e5 4. dxe5 d4 5. Nd5 Nge7 6. Nxe7 Qxe7 7. Nf3 Bg4 8. Be2 0-0-0 9. 0-0 Bxf3 10. Bxf3 Qxe5 11. Bd2 Bd6 12. g3 h5 13. Bf4 Qc5 14. Bxd6 Rxd6 15. Qb1 h4 16. c3 hxg3 17. hxg3 Ne5 18. Bg2 dxc3 19. Qc2 Rd3 20. Rac1 Rxg3 21. Qe2 Nd3 22. Rxc3 Rxg2+ 0-1

[Event "Stuttgart-chB int"]
[Site "Ditzingen"]
[Date "2009.05.21"]
[Round "1"]
[White "Faerber, Eric"]
[Black "Helmbrecht, Kurt"]
[Result "1-0"]
[WhiteElo "1881"]
[BlackElo "1657"]
[PlyCount "37"]
[EventDate "2009.05.21"]
[EventType "swiss"]
[EventRounds "7"]
[EventCountry "GER"]
[SourceTitle "EXT 2018"]
[Source "ChessBase"]
[SourceDate "2017.10.13"]
[SourceVersion "1"]
[SourceVersionDate "2017.10.13"]
[SourceQuality "1"]

1. e4 e6 2. d4 d5 3. Nd2 dxe4 4. Nxe4 Nf6 5. Bd3 Nbd7 6. Qe2 Be7 7. Bd2 b6 8. 0-0-0 Bb7 9. f3 0-0 10. h4 Rc8 11. g4 c5 12. Nxf6+ Nxf6 13. dxc5 bxc5 14. g5 Nd5 15. Qe4 g6 16. Qg4 Qb6 17. h5 Kg7 18. hxg6 hxg6 19. c4 1-0

[Event "Stuttgart-chB int"]
[Site "Ditzingen"]
[Date "2008.05.03"]
[Round "5"]
[White "Faerber, Eric"]
[Black "Pocrnic, Josip"]
[Result "1/2-1/2"]
[WhiteElo "1503"]
[BlackElo "1643"]
[PlyCount "33"]
[EventDate "2008.05.01"]
[EventType "swiss"]
[EventRounds "7"]
[EventCountry "GER"]
[SourceTitle "EXT 2018"]
[Source "ChessBase"]
[SourceDate "2017.10.13"]
[SourceVersion "1"]
[SourceVersionDate "2017.10.13"]
[SourceQuality "1"]

1. d4 Nf6 2. Nf3 g6 3. g3 Bg7 4. Bg2 d6 5. 0-0 0-0 6. b3 c6 7. c4 Nbd7 8. Bb2 Rb8 9. Nbd2 d5 10. Re1 Re8 11. e4 Nxe4 12. Nxe4 dxe4 13. Rxe4 Nf6 14. Re2 Bg4 15. h3 Bxf3 16. Bxf3 e6 17. Qd2 1/2-1/2

[Event "Stuttgart-chB int"]
[Site "Ditzingen"]
[Date "2008.05.01"]
[Round "3"]
[White "Faerber, Eric"]
[Black "Gibicar, Danijel"]
[Result "0-1"]
[WhiteElo "1503"]
[BlackElo "1745"]
[PlyCount "48"]
[EventDate "2008.05.01"]
[EventType "swiss"]
[EventRounds "7"]
[EventCountry "GER"]
[SourceTitle "EXT 2018"]
[Source "ChessBase"]
[SourceDate "2017.10.13"]
[SourceVersion "1"]
[SourceVersionDate "2017.10.13"]
[SourceQuality "1"]

1. d4 Nf6 2. Nf3 e6 3. Nbd2 d5 4. e3 c5 5. c3 Bd6 6. Bd3 Nbd7 7. 0-0 0-0 8. Re1 b6 9. e4 dxe4 10. Nxe4 Nxe4 11. Bxe4 Rb8 12. Qc2 Nf6 13. Bd3 Bb7 14. Ne5 cxd4 15. cxd4 h6 16. f4 Bb4 17. Rd1 Qxd4+ 18. Kh1 Qc5 19. Qe2 Qe7 20. Bd2 Bxd2 21. Rxd2 Nd5 22. Qf2 Rbc8 23. Re1 Qc5 24. Qg3 Qb4 0-1